<?xml version="1.0" encoding="UTF-8"?>
<collection xmlns="http://www.loc.gov/MARC21/slim">
<record>
  <controlfield tag="001">162123</controlfield>
  <controlfield tag="005">20260430141014.0</controlfield>
  <datafield tag="024" ind1="7" ind2=" ">
    <subfield code="2">doi</subfield>
    <subfield code="a">10.1016/j.redar.2025.501880</subfield>
  </datafield>
  <datafield tag="024" ind1="8" ind2=" ">
    <subfield code="2">sideral</subfield>
    <subfield code="a">144699</subfield>
  </datafield>
  <datafield tag="037" ind1=" " ind2=" ">
    <subfield code="a">ART-2025-144699</subfield>
  </datafield>
  <datafield tag="041" ind1=" " ind2=" ">
    <subfield code="a">spa</subfield>
  </datafield>
  <datafield tag="100" ind1=" " ind2=" ">
    <subfield code="a">Monteagudo Moreno, L.</subfield>
    <subfield code="u">Universidad de Zaragoza</subfield>
  </datafield>
  <datafield tag="245" ind1=" " ind2=" ">
    <subfield code="a">Reglas de predicción clínica en los pacientes con dolor neuropático periférico de etiología traumática tratados con parche de capsaicina al 8%</subfield>
  </datafield>
  <datafield tag="260" ind1=" " ind2=" ">
    <subfield code="c">2025</subfield>
  </datafield>
  <datafield tag="506" ind1="0" ind2=" ">
    <subfield code="a">Access copy available to the general public</subfield>
    <subfield code="f">Unrestricted</subfield>
  </datafield>
  <datafield tag="520" ind1="3" ind2=" ">
    <subfield code="a">Antecedentes y objetivo. El dolor neuropático (DN) es un trastorno prevalente y complejo, con una notable variabilidad en la respuesta al tratamiento farmacológico. El objetivo de este estudio fue identificar las características basales de buena respuesta al parche de capsaicina al 8% en los pacientes con dolor neuropático periférico (DNP) de etiología traumática.
Materiales y métodos. Se realizó un estudio prospectivo, longitudinal, abierto en 31 pacientes con DNP tratados con 1-3 aplicaciones del parche de capsaicina al 8% durante 52 semanas. La respuesta al tratamiento se definió como una reducción en la puntuación de la escala visual analógica (EVA) en comparación con el valor inicial. Se realizaron análisis comparativos entre respondedores y no respondedores el primer y duodécimo mes. La regresión logística identificó los factores predictivos de la respuesta al tratamiento.
Resultados. El primer mes, los pacientes que respondieron (n = 17) tenían áreas de tratamiento significativamente mayores (155,18 vs. 59,21 cm2; p = 0,004) y un mayor alivio del dolor con tratamientos previos en el cuestionario breve de dolor (34,7 vs. 14,3%; p = 0,023). A los 12 meses, los predictores significativos incluían la alodinia al frío (OR: 8; p = 0,030), sensación de frío doloroso del cuestionario DN4 (OR: 7,936; p = 0,019), ausencia de dolor penetrante (OR: 16,800; p = 0,009) y una puntuación de interferencia del dolor para el trabajo &lt; 7,5 (OR: 7,917; p = 0,019).
Conclusiones. El presente estudio aporta una contribución significativa en el manejo del DNP postraumático, proporcionando herramientas para personalizar el tratamiento y optimizar los recursos disponibles.</subfield>
  </datafield>
  <datafield tag="540" ind1=" " ind2=" ">
    <subfield code="9">info:eu-repo/semantics/embargoedAccess</subfield>
    <subfield code="a">by-nc-nd</subfield>
    <subfield code="u">https://creativecommons.org/licenses/by-nc-nd/4.0/deed.es</subfield>
  </datafield>
  <datafield tag="655" ind1=" " ind2="4">
    <subfield code="a">info:eu-repo/semantics/article</subfield>
    <subfield code="v">info:eu-repo/semantics/acceptedVersion</subfield>
  </datafield>
  <datafield tag="700" ind1=" " ind2=" ">
    <subfield code="a">Cía Blasco, P.</subfield>
    <subfield code="u">Universidad de Zaragoza</subfield>
  </datafield>
  <datafield tag="700" ind1=" " ind2=" ">
    <subfield code="a">Malo Urriés, M.</subfield>
    <subfield code="u">Universidad de Zaragoza</subfield>
    <subfield code="0">(orcid)0000-0001-9080-0543</subfield>
  </datafield>
  <datafield tag="700" ind1=" " ind2=" ">
    <subfield code="a">Nuez Polo, A.</subfield>
  </datafield>
  <datafield tag="700" ind1=" " ind2=" ">
    <subfield code="a">Marín Zaldívar, C.</subfield>
    <subfield code="u">Universidad de Zaragoza</subfield>
  </datafield>
  <datafield tag="710" ind1="2" ind2=" ">
    <subfield code="1">1006</subfield>
    <subfield code="2">413</subfield>
    <subfield code="a">Universidad de Zaragoza</subfield>
    <subfield code="b">Dpto. Fisiatría y Enfermería</subfield>
    <subfield code="c">Área Fisioterapia</subfield>
  </datafield>
  <datafield tag="710" ind1="2" ind2=" ">
    <subfield code="1">1013</subfield>
    <subfield code="2">090</subfield>
    <subfield code="a">Universidad de Zaragoza</subfield>
    <subfield code="b">Dpto. Cirugía</subfield>
    <subfield code="c">Área Cirugía</subfield>
  </datafield>
  <datafield tag="773" ind1=" " ind2=" ">
    <subfield code="g">72, 7 (2025), 501880 [11 pp.]</subfield>
    <subfield code="p">Rev. esp. anestesiol. reanim.</subfield>
    <subfield code="t">Revista Española de Anestesiologia y Reanimacion</subfield>
    <subfield code="x">0034-9356</subfield>
  </datafield>
  <datafield tag="856" ind1="4" ind2=" ">
    <subfield code="s">461978</subfield>
    <subfield code="u">http://zaguan.unizar.es/record/162123/files/texto_completo.pdf</subfield>
    <subfield code="y">Postprint</subfield>
    <subfield code="z">info:eu-repo/date/embargoEnd/2026-06-26</subfield>
  </datafield>
  <datafield tag="856" ind1="4" ind2=" ">
    <subfield code="s">1524212</subfield>
    <subfield code="u">http://zaguan.unizar.es/record/162123/files/texto_completo.jpg?subformat=icon</subfield>
    <subfield code="x">icon</subfield>
    <subfield code="y">Postprint</subfield>
    <subfield code="z">info:eu-repo/date/embargoEnd/2026-06-26</subfield>
  </datafield>
  <datafield tag="909" ind1="C" ind2="O">
    <subfield code="o">oai:zaguan.unizar.es:162123</subfield>
    <subfield code="p">articulos</subfield>
    <subfield code="p">driver</subfield>
  </datafield>
  <datafield tag="951" ind1=" " ind2=" ">
    <subfield code="a">2026-04-30-14:05:37</subfield>
  </datafield>
  <datafield tag="980" ind1=" " ind2=" ">
    <subfield code="a">ARTICLE</subfield>
  </datafield>
</record>
</collection>